000
00241nam a2200097Ia 4500
008
240331s9999 xx 000 0 und d
082
_a
303.6
_b
RAC
100
_a
Logo. ed
245
0
_a
Race Relations in Sri Lanka :
_b
Towards Solutions
942
_c
L
999
_c
1269
_d
1269